Every Fleetwood Mac song that hit the Billboard hot 100 - Statistics

General Stats
  • This quiz has been taken 341 times
  • The average score is 11 of 25
Answer Stats
Peak Chart Position Year Song % Correct
1 1977 Dreams
90%
10 1977 Go Your Own Way
88%
3 1977 Don't Stop
75%
11 1976 Rhiannon (will You Ever Win)
73%
4 1987 Little Lies
71%
8 1979 TUSK
69%
14 1988 Everywhere
68%
12 1982 Gypsy
67%
7 1980 Sara
63%
51 1998 Landslide
60%
9 1977 You Make Loving Fun
56%
19 1987 Seven Wonders
52%
5 1987 Big Love
47%
4 1982 Hold Me
40%
11 1976 Say You Love Me
36%
20 1976 Over My Head
23%
90 1988 Family Man
22%
55 1970 Oh Well - Pt. I
21%
43 1989 As Long As You Follow
17%
86 1980 Sisters Of The Moon
17%
22 1983 Love In Store
15%
80 2003 Peacekeeper
13%
33 1990 Save Me
12%
20 1980 Think About Me
12%
60 1981 Fireflies
8%
No matching quizzes found
Score Distribution
Percent of People with Each Score
Percentile by Number Answered
Your Score History
You have not taken this quiz